000 00391nam a2200169Ia 4500
008 141014s9999||||xx |||||||||||||| ||und||
010 _a15752
020 _aS/ISBN
082 _aS/C
100 _aMontero, Moriamez Ximena
245 _aLa menor vaga
250 _aS/E
260 _aJuridica de Chile, Chile
_c1967
300 _a100 p
_c22 cm
650 _aadministracion
942 _cBK
999 _c15902
_d15902